banner-ar

الخشب كمادة اولية / (Record no. 38587)

MARC details
000 -الفاتح
حقل البيانات ثابتة الطول 00675nam a2200229Ia 4500
008 - عناصر البيانات ثابتة الطول - معلومات عامة
حقل البيانات ثابتة الطول 140319s9999 xx 000 0 ara d
040 ## - مصدر الفهرسة
وكالة الفهرسة الأصلية GCL /
وكالة النسخ GCL
082 04 - رقم تصنيف ديوى العشرى
رقم التصنيف 674.134
رقم المادة ت خ
100 1# - المدخل الرئيسى - إسم شخصى
الإسم الشخصى شومس، جورج
245 10 - بيان العنوان
العنوان الخشب كمادة اولية /
بيان المسئوليه,etc شومس، جورج
700 1# - المدخل الاضافى - اسم شخصى
الإسم الشخصى وليد عبودى قصير
700 1# - المدخل الاضافى - اسم شخصى
الإسم الشخصى سليم اسماعيل شهبار
700 1# - المدخل الاضافى - اسم شخصى
الإسم الشخصى باسم عباس بن على
300 ## - الوصف المادى
التعداد 325 ص ؛
أبعاد الوعاء 24 سم
490 ## - بيان السلسلة
عنوان السلسلة
650 04 - المدخل الاضافى بالموضوع-مصطلح موضوعى
مصطلح موضوعي الكيمياء
650 04 - المدخل الاضافى بالموضوع-مصطلح موضوعى
مصطلح موضوعي الغابات
650 04 - المدخل الاضافى بالموضوع-مصطلح موضوعى
مصطلح موضوعي الخاصية الكهربائية
650 04 - المدخل الاضافى بالموضوع-مصطلح موضوعى
مصطلح موضوعي الاخشاب، الغابات
942 ## - عناصر المدخل الإضافي( كوها)
مصدر التصنيف او مخطط الترفيف Dewey Decimal Classification
Koha [default] item type كتاب
Holdings
حالة التراجع حالة الفقد حالة تلف ليس للاعارة المكان المؤقت الموقع الحالى تاريخ الاكتساب اجمالي اﻻعارات رقم الطلب الباركود تاريخ اخر مشاهدة تاريخ تفعيل السعر نوع وعاء كوها
        مكتبة القاهرة الكبرى مكتبة القاهرة الكبرى 03/26/2014   674.134\ت خ 93967 03/26/2014 03/26/2014 كتاب
        مكتبة القاهرة الكبرى مكتبة القاهرة الكبرى 03/26/2014   674.134\ت خ 93968 03/26/2014 03/26/2014 كتاب
        مكتبة القاهرة الكبرى مكتبة القاهرة الكبرى 03/26/2014   674.134\ت خ 93969 03/26/2014 03/26/2014 كتاب
        مكتبة القاهرة الكبرى مكتبة القاهرة الكبرى 03/26/2014   674.134\ت خ 93970 03/26/2014 03/26/2014 كتاب

Powered By

EGPV